Global imperialism and the great crisis : (Record no. 19120)

000 -LEADER
fixed length control field 02210cam a2200205 i 4500
020 ## - INTERNATIONAL STANDARD BOOK NUMBER
ISBN 9781583674475 (paperback)
020 ## - INTERNATIONAL STANDARD BOOK NUMBER
ISBN 1583674470 (paperback)
020 ## - INTERNATIONAL STANDARD BOOK NUMBER
ISBN 9781583674482 (cloth)
020 ## - INTERNATIONAL STANDARD BOOK NUMBER
ISBN 1583674489 (cloth)
040 ## - CATALOGING SOURCE
Transcribing agency DLC
041 1# - LANGUAGE CODE
Language code of original and/or intermediate translations of text ita
082 00 - DEWEY DECIMAL CLASSIFICATION NUMBER
Classification number 337 USA 1988 C161 Or.
100 1# - MAIN ENTRY--AUTHOR NAME
Personal name Screpanti, Ernesto,
245 10 - TITLE STATEMENT
Title Global imperialism and the great crisis :
Remainder of title the uncertain future of capitalism /
300 ## - PHYSICAL DESCRIPTION
Number of Pages 256 pages ;
Dimensions 21 cm
520 ## - SUMMARY, ETC.
Summary, etc "In this provocative study, economist Ernesto Screpanti argues that imperialism--far from disappearing or mutating into a benign "globalization"--has in fact entered a new phase, which he terms "global imperialism." This is a phase defined by multinational firms cut loose from the nation-state framework and free to chase profits over the entire surface of the globe. No longer dependent on nation-states for building a political consensus that accommodates capital accumulation, these firms seek to bend governments to their will and destroy barriers to the free movement of capital. And while military force continues to play an important role in imperial strategy, it is the discipline of the global market that keeps workers in check by pitting them against each other no matter what their national origin. This is a world in which the so-called "labor aristocracies" of the rich nations are demolished, the power of states to enforce checks on capital is sapped, and global firms are free to pursue their monomaniacal quest for profits unfettered by national allegiance. Screpanti delves into the inner workings of global imperialism, explaining how it is different from past forms of imperialism, how the global distribution of wages is changing, and why multinational firms have strained to break free of national markets. He sees global imperialism as a developing process, one with no certain outcome. But one thing is clear: when economic crises become opportunities to discipline workers, and when economic policies are imposed through increasingly authoritarian measures, the vision of a democratic and humane world is what is ultimately at stake"--
650 #0 - SUBJECT ADDED ENTRY--TOPICAL TERM
Topical Term Capitalism
650 #0 - SUBJECT ADDED ENTRY--TOPICAL TERM
Topical Term Imperialism
942 ## - ADDED ENTRY ELEMENTS (KOHA)
Koha item type ADB
952 ## - LOCATION AND ITEM INFORMATION (KOHA)
Withdrawn status [LOCAL, KOHA] 0
Holdings
Source of acquisition Permanent Location Date acquired Koha item type Lost status Shelving location Current Location Full call number
A34004Library Block C2020-03-13សៀវភៅភាសាអង់គ្លេស C161Library Block C337 USA 1988 C161 Or.
មជ្ឈមណ្ឌលឯការនៃសាកលវិទ្យាល័យភូមិន្ទកសិកម្មចំការដូង

Powered by Koha